| 000 | 00642nam a22001577a 4500 | ||
|---|---|---|---|
| 003 | OSt | ||
| 005 | 20250715154614.0 | ||
| 008 | 250530b |||||||| |||| 00| 0 eng d | ||
| 040 |
_aNIRU _bEN _cNIRU |
||
| 100 |
_aMutua, Felistas Mwende _eAuthor |
||
| 245 |
_aFood security and public perceptions of genetically modified organisms in Kenya: a case study of Trans-nzoia county _cFelistas Mwende Mutua |
||
| 300 | _a70p. | ||
| 500 | _aThesis [Master of arts in strategic intelligence studies] | ||
| 650 |
_2Genetically modified organisms (GMOs) _afood insecurity _vBiotechnology _xAgriculture _yTransgenic organisms _zTrans-nzoia |
||
| 942 |
_2lcc _cTHESIS _n0 |
||
| 999 |
_c562 _d562 |
||